000 00372nam a2200145Ia 4500
008 180802s9999||||xx |||||||||||||| ||und||
020 _a9780240820798
082 _a791.433
_bOHA/R
100 _aO'Hailey, Tina
245 0 _aRig it Right Maya Animation Rigging Concepts
250 _a1st Edition
260 _aNew yark
_bFocal Press
_c2013
300 _a280p.
942 _cBK
999 _c2316
_d2316